000 00999nam a22002777a 4500
001 7634
003 FISKH
005 20250815162839.0
008 250729b cb ||||| |||| 00| 0 eng d
020 _a9780545344753
040 _aFISKH
_beng
_cFISKH
_dFISKH
050 _aPN6727.L87 H68
082 _a741.5
100 _aLutes, Jason
245 _aHoudini :
_bThe handcuff King /
_cby Jason Lutes & Nick Bertozzi with an introduction by Glen David Gold
260 _aNew York :
_bScholastic ,
_c2007.
300 _a81 pages :
_bcolor illustrations ;
_c26 cm .
490 _aThe Center for Cartoon Studies Presents
520 _aIn bold graphics, and drawing on the most respected sources, author and artist formulate a living picture of this greatest of Americans and show how time and morals shaped him and his art.
650 _aHandcuffs
650 _aMagicians
650 _aAmerican history
700 _aGold, Glen David
_eIllustrator
942 _2ddc
_cBK
_n0
999 _c7634
_d7634